| 000 | 01474cam a2200373 i 4500 | ||
|---|---|---|---|
| 999 |
_c4214 _d4214 |
||
| 001 | 18440929 | ||
| 003 | OSt | ||
| 005 | 20250127102125.0 | ||
| 008 | 150107s2015 nyuab j b 000 0 eng | ||
| 010 | _a 2014042872 | ||
| 020 | _a9780448483573 (pbk) | ||
| 040 |
_aDLC _beng _cDLC _erda _dDLC |
||
| 042 | _apcc | ||
| 043 | _an-us-az | ||
| 050 | 0 | 0 |
_aF788 _b.O25 2015 |
| 082 | 0 | 0 |
_a979.1/32 _223 |
| 100 | 1 | _aO'Connor, Jim. | |
| 245 | 1 | 0 |
_aWhere is the Grand Canyon? / _cby Jim O'Connor ; illustrated by Daniel Colón. |
| 264 | 1 |
_aNew York : _bGrosset & Dunlap, an imprint of Penguin Group (USA) LLC, _c[2015] |
|
| 300 |
_a108 pages : _billustrations, maps (some color) ; _c20 cm |
||
| 336 |
_atext _2rdacontent |
||
| 337 |
_aunmediated _2rdamedia |
||
| 338 |
_avolume _2rdacarrier |
||
| 490 | 0 | _aWhere is ... ? | |
| 504 | _aIncludes bibliographical references. | ||
| 505 | 0 | _aWhere is the Grand Canyon? -- Birth of a canyon -- Native people -- Cities of gold -- A one-armed adventurer -- A layer cake of rock -- Wildlife in the canyon -- A trip to the Grand Canyon -- The hand of man. | |
| 521 | 1 | _aAges 8-12. | |
| 651 | 0 |
_aGrand Canyon National Park (Ariz.) _vJuvenile literature. |
|
| 651 | 0 |
_aGrand Canyon (Ariz.) _vJuvenile literature. |
|
| 700 | 1 |
_aColón, Daniel, _eillustrator. |
|
| 906 |
_a7 _bcbc _corignew _d1 _eecip _f20 _gy-gencatlg |
||
| 942 |
_2ddc _cNFIC _h937 OCO |
||